000 00658nam a2200241Ia 4500
999 _c41943
_d41943
003 0100
005 20180301102049.0
008 130303s9999 xx 000 0 und d
040 _cARRUPELIB
050 _aDT846.K2M3 1964
100 _aMbeki, Govan
_925626
245 _aSouth Africa:
_bthe peasants revolt /
260 _aSouth Africa
_bInternational Defence and Aid Fund for South Africa
_c1984
300 _a156p.
300 _b 19 cm.
650 _aIndigenous peoples
_zSouth Africa
_913358
650 _aApartheid
_zSouth Africa
_925627
650 _aKaffraria
_xPolitics and government
_925628
942 _2lcc
_cMONOGRAPH